Case studies in medical-surgical, pharmacologic, and psychiatric nursing (Record no. 407408)
[ view plain ]
| 000 -LEADER | |
|---|---|
| fixed length control field | 00324nam a2200097Ia 4500 |
| 082 ## - DEWEY DECIMAL CLASSIFICATION NUMBER | |
| Classification number | ST 610.7368 ANKN |
| 008 - FIXED-LENGTH DATA ELEMENTS--GENERAL INFORMATION | |
| fixed length control field | 210817s9999 xx 000 0 und d |
| 100 ## - MAIN ENTRY--PERSONAL NAME | |
| Personal name | ANKNER, Gina M. Clifton Park, NY, 2009 |
| 9 (RLIN) | 96698 |
| 245 #0 - TITLE STATEMENT | |
| Title | Case studies in medical-surgical, pharmacologic, and psychiatric nursing |
| 942 ## - ADDED ENTRY ELEMENTS | |
| item type | Books |
No items available.